| 000 | 01110nam a22003257a 4500 | ||
|---|---|---|---|
| 001 | 1062 | ||
| 005 | 20230719141116.0 | ||
| 008 | 230719b cb ||||| |||| 00| 0 eng d | ||
| 020 | _a0786842539 | ||
| 040 |
_aInFw _cInFw _dNdMin _dDLC _beng |
||
| 050 | 0 | 0 |
_aPZ7.G1277 _bPoh 1998 |
| 082 | 0 | 0 |
_a479 _221 |
| 100 | 1 | _aGaines, Isabel. | |
| 245 | 1 | 0 |
_aPooh's honey tree / _cadapted by Isabel Gaines ; illustrated by Nancy Stevenson. |
| 250 | _a1st ed. | ||
| 260 |
_aNew York : _bDisney Press, _c1998. |
||
| 300 |
_a34 pages : _bcolor illustrations ; _c23 cm. |
||
| 490 | 1 | _aDisney's a Winnie the Pooh first reader | |
| 500 | _aBased on the Pooh stories by A.A. Milne. | ||
| 505 | _aI | ||
| 520 | _aWinnie the Pooh devises a plan to fool some bees and get honey for his empty tummy. | ||
| 521 |
_a440
_bLexile |
||
| 521 |
_aI
_bRaz-Plus |
||
| 650 | 1 |
_aTeddy bears _vFiction. |
|
| 650 | 1 |
_aHoney _vFiction. |
|
| 700 | 1 |
_aMilne, A. A. _q(Alan Alexander), _d1882-1956. |
|
| 700 | 1 |
_aStevenson, Nancy W., _eillustrator. |
|
| 906 |
_a7 _bcbc _ccopycat _d2 _eopcn _f19 _gy-gencatlg |
||
| 942 |
_2ddc _cBK _n0 |
||
| 999 |
_c1062 _d1062 |
||